书目信息 |
| 题名: |
海洋行政执法法律依据汇编
|
|
| 作者: | 孙书贤 主编 | |
| 分册: | 地方篇 | |
| 出版信息: | 北京 海洋出版社 2007.10 |
|
| 页数: | 374页 | |
| 开本: | 21cm | |
| 丛书名: | ||
| 单 册: | ||
| 中图分类: | D993.5 | |
| 科图分类: | ||
| 主题词: | 海洋法--汇编--中国 | |
| 电子资源: | ||
| ISBN: | 978-7-5027-6909-3 | |
| 000 | 00878nam0 2200229 450 | |
| 001 | 003669193 | |
| 005 | 20100813112252.26 | |
| 010 | @a978-7-5027-6909-3@dCNY35.00 | |
| 090 | @aD99@bssx | |
| 100 | @a20100515d2007 em y0chiy50 ea | |
| 101 | 0 | @achi |
| 102 | @aCN@b110000 | |
| 105 | @ay n 000yy | |
| 200 | 1 | @a海洋行政执法法律依据汇编@Ahai yang hang zheng zhi fa fa lu yi ju hui bian@i地方篇@b专著@f孙书贤主编@Ahai yang xing zheng zhi fa fa lv yi ju hui bian |
| 210 | @a北京@c海洋出版社@d2007.10 | |
| 215 | @a374页@d21cm | |
| 330 | @a本书主要收录沿海省(自治区、直辖市)、计划单列市人大、政府制定、出台的地方性法规、行政规章以及海洋主管局及其所属海监机构近几年制定、出台的一系列有关海洋执法监察工作的规范性文件、规章制度等。 | |
| 606 | 0 | @a海洋法@x汇编@y中国 |
| 690 | @aD993.5@v4 | |
| 701 | 0 | @a孙书贤@Asun shu xian@4主编 |
| 801 | @c20100515 | |
| 905 | @dD993.5@eS940@f3 | |
| 海洋行政执法法律依据汇编.地方篇/孙书贤主编.-北京:海洋出版社,2007.10 |
| 374页;21cm |
| ISBN 978-7-5027-6909-3:CNY35.00 |
| 本书主要收录沿海省(自治区、直辖市)、计划单列市人大、政府制定、出台的地方性法规、行政规章以及海洋主管局及其所属海监机构近几年制定、出台的一系列有关海洋执法监察工作的规范性文件、规章制度等。 |
| ● |
| 相关链接 |
|
|
|
正题名:海洋行政执法法律依据汇编
索取号:D993.5/S940
 
预约/预借
| 序号 | 登录号 | 条形码 | 馆藏地/架位号 | 状态 | 备注 |
| 1 | 1028466 | 210284663 | 社科库509/509社科库 109排2列4层/ [索取号:D993.5/S940] | 在馆 | |
| 2 | 1028467 | 210284672 | 社科库509/509社科库 109排2列4层/ [索取号:D993.5/S940] | 在馆 | |
| 3 | 1028468 | 210284681 | 社科库509/509社科库 109排2列4层/ [索取号:D993.5/S940] | 在馆 |